| 000 | 00757nam a2200217 i 4500 | ||
|---|---|---|---|
| 001 | 85706 | ||
| 003 | ES-MaACL | ||
| 005 | 20230906175305.0 | ||
| 007 | t| | ||
| 008 | 041130s1929 fr ||||1| fre d | ||
| 100 | 1 |
_aJuan _bXXII _cPapa. _967135 |
|
| 245 | 1 | 0 |
_aLettres communes _b: analysées d'après les registres dits d'Avignon et du Vatican / _cpar G. Mollat. |
| 260 |
_aParis : _bAncienne Librairie Fontemoig et Cia, _c1929. |
||
| 300 |
_a22 fasc. en 1 v. ; _c33 cm. |
||
| 490 | 1 | _aBibliothèque des Ecoles Françaises d'Athènes et de Rome | |
| 500 | _aEs el v. 11. | ||
| 700 | 1 |
_aMollat, Guillaume. _9139065 |
|
| 830 | 0 |
_aBibliothèque des Ecoles Françaises d'Athènes et de Rome _9182019 |
|
| 852 |
_aES-MaACL _jC-7461 |
||
| 999 |
_c85706 _d85706 |
||